| 000 | 00460nam a2200169Ia 4500 | ||
|---|---|---|---|
| 008 | 241115s9999 xx 000 0 und d | ||
| 020 | _a0-13-973819-3 | ||
| 082 | _a005.8 STA | ||
| 100 | _aStallings, William | ||
| 245 | 0 | _aCryptography and Network Security: principles and practice | |
| 250 | _a2nd ed. | ||
| 260 |
_aNew Jersy: _bPrentice Hall, _c1999 |
||
| 300 | _axvii,569p. | ||
| 600 | _aComputer Science | ||
| 650 | _aComputer Science | ||
| 942 | _cBBD | ||
| 999 |
_c25167 _d25167 |
||